Farabundo Marti : esbozo biográfico /
Gardado en:
| Autor Principal: | |
|---|---|
| Formato: | Libro |
| Idioma: | English |
| Publicado: |
Ciudad Universitaria Rodrigo Facio, Costa Rica :
Editorial Universitaria Centroamericana,
1972.
|
| Series: | Colección Rueda del tiempo
|
| Materias: | |
| Etiquetas: |
Engadir etiqueta
Sen Etiquetas, Sexa o primeiro en etiquetar este rexistro!
|
MARC
| LEADER | 00000cam a2200000 a 4500 | ||
|---|---|---|---|
| 001 | 936392 | ||
| 005 | 20150427083428.0 | ||
| 008 | 741007s1972 cr a b 000 0 eng d | ||
| 040 | |a ILU |c ILU |d m/c |d PIT |d RQO |d CRU CIICLA | ||
| 082 | |a 92 |b M378a | ||
| 090 | |a F1487.5.M372 |b A89 | ||
| 100 | 1 | |a Arias Gómez, Jorge | |
| 245 | 1 | 0 | |a Farabundo Marti : |b esbozo biográfico / |c Jorge Arias Gomez. |
| 260 | |a Ciudad Universitaria Rodrigo Facio, Costa Rica : |b Editorial Universitaria Centroamericana, |c 1972. | ||
| 300 | |a 157 páginas: |b ilustraciones | ||
| 490 | 1 | |a Colección Rueda del tiempo | |
| 504 | |a Bibliografía: páginas [159]-[160] | ||
| 600 | 1 | 4 | |a MARTI, AGUSTIN FARABUNDO, 1893-1932 |d 1893-1932 |
| 942 | |2 ddc |c BK | ||
| 999 | |c 4036 |d 4036 | ||
